01920nam a22001817a 4500999001700000020001800017082001900035100002700054245013200081260005300213300001200266504001800278520116900296650004801465650003801513942001201551952017501563 c26733d26733 a9781789739947 a338.064bJOH-E aJohannessen, Jon-Arild aEmergence of the Fourth Industrial Revolution b: An Historical Introduction to Knowledge Management and the Innovation Economy aUnited KingdombEmerald Publishing Limitedc2019 ax,133p. aInclude index aThe industrial revolution transformed society as we know it today. But in the last thirty years, there has been another industrial revolution, a technology revolution that has changed the world and given rise to an innovation economy that is changing the face of organizational logic. From leading knowledge management expert, Jon-Arild Johannessen, The Emergence of the Fourth Revolution: An Historical Introduction to Knowledge Management and the Innovation Economy explores how informats and infostructures are taking over from old technology infrastructures, and a new organizational logic is breaking out of these innovations. Johannessen suggests a new structure of cooperation, where global competence clusters and global innovation processes bring to light this changing economy. And, through these changes, Johannessen shows how the knowledge worker emerges to become the new working class of the fourth industrial revolution. For students in knowledge management and organizational studies, this is an unmissable text that explores the future of our economy, bringing to light the exciting new possibilities that these innovative revolutions have caused. aTechnological innovations--Economic aspects aRevolutionvIndustrial revolution 2ddccBK 00104070aNASSDOCbNASSDOCd2021-04-12eOverseas Press India Private Limitedg4209.24i2021-03-08l0o338.064 JOH-Ep51457r2021-04-12 00:00:00v6013.20w2021-04-12yBK